Political Islam, world politics and Europe : from Jihadist to Institutional Islamism /

The new and updated edition of Political Islam, World Politics and Europe focusses on the shift within political Islam, in light of 9/11 and the events of the Arab Spring, from a jihadist struggle, to institutional Islamism. Refuting what has often been referred to by commentators as the 'moder...

Full description

Bibliographic Details
Main Author: Tibi, Bassam
Corporate Author: Ebook Library
Format: eBook
Language:English
Published: New York : Routledge, 2014.
Edition:2nd ed.
Subjects:
Online Access:Connect to the full text of this electronic book

MARC

Tag First Indicator Second Indicator Subfields
LEADER 00000cam a2200000Mi 4500
001 in00003494521
006 m o d
007 cr cnu---unuuu
008 140719s2014 nyu ob 001 0 eng d
005 20250816211001.7
020 |a 9781317816355  |q (electronic bk.) 
020 |a 1317816358  |q (electronic bk.) 
020 |a 9781315818269 
035 |a (OCoLC)ocn884014836 
035 |a (OCoLC)884014836 
040 |a EBLCP  |b eng  |e pn  |c EBLCP  |d N$T  |d OCLCQ  |d OCLCO  |d TXA  |d UtOrBLW 
043 |a e------ 
049 |a TXAM 
050 4 |a BP173.7  |b .T563 2014eb 
072 7 |a POL  |x 032000  |2 bisacsh 
072 7 |a POL  |x 040000  |2 bisacsh 
072 7 |a POL  |x 030000  |2 bisacsh 
072 7 |a POL  |x 018000  |2 bisacsh 
082 0 4 |a 320.557 
100 1 |a Tibi, Bassam. 
245 1 0 |a Political Islam, world politics and Europe :  |b from Jihadist to Institutional Islamism /  |c Bassam Tibi. 
250 |a 2nd ed. 
264 1 |a New York :  |b Routledge,  |c 2014. 
300 |a 1 online resource (xxv, 367 pages) 
336 |a text  |b txt  |2 rdacontent 
337 |a computer  |b c  |2 rdamedia 
338 |a online resource  |b cr  |2 rdacarrier 
504 |a Includes bibliographical references and index. 
588 0 |a Description based on print version record. 
505 0 |a Introduction: The impact of the politicization of Islam on world politics as a context for Europe and Islam in the 21st century; Part I The conflict within Islamic civilization between jihadism and democracy. Its pertinence to world politics and to the Islam diaspora in Europe: obstacles and solutions; 1 From classical jihad to global jihadism in an invention of tradition for mapping the world into Dar al-Islam. 
505 8 |a 2 Polity and rule: The Islamic quest for civil society and for democracy against Hakimiyyat Allah as the Islamist system of totalitarian government; Part II Political Islam enters world politics: Global jihadism as an Islamist internationalism in its Sunni and Shi'ite varieties as a challenge to safe democracy and international security; 3 The world-political Sunni fallacy: Jihadist internationalism as a cosmic war of irregulars for remaking the world; 4 The Shi'ite option: Internationalism for an export of the Islamic revolution of Iran A failed effort! 
505 8 |a Part III Europe as a battlefield for the competing options: Islamization versus Europeanization resulting in Muslim Europe or Euro-Islam?; 5 Political Islam and Europe in the twenty-first century: The return of history as the return of civilizations into world affairs; 6 The European diaspora of Muslim migrants and the idea of Europe: Could they become Europeans by choice?; 7 Political Islam and democracy's decline to a voting procedure: The political culture of democracy is the solution for Islamic civilization. 
505 8 |a Part IV Political Islam in a process of change: The shift from jihadist terror to Islamist governance: a moderation?; 8 Political Islam and governance: The quest for a shari'a order in the context of global democracy: Examining the assumption of moderation; 9 Institutional Islamism, cosmopolitan democracy and Islamist shari'a law; Notes; Bibliography; Index. 
520 |a The new and updated edition of Political Islam, World Politics and Europe focusses on the shift within political Islam, in light of 9/11 and the events of the Arab Spring, from a jihadist struggle, to institutional Islamism. Refuting what has often been referred to by commentators as the 'moderation', of Islamism, the second edition of this book introduces the concept of 'institutional', Islamism, a process which Tibi argues was accelerated in the aftermath of the Arab Spring. Both jihadist and institutional Islamism pursue the same goal of an Islamist state, but disagree fundamentally on the strategy for achieving it. Whilst jihadism is committed to the idea of a (violent) Islamic world revolution, institutional Islamism embraces political institutions as a means to an end. 
500 |a Electronic resource. 
610 2 0 |a Ḥarakat al-Jihād al-Islāmī fī Filasṭīn. 
650 0 |a Islam and politics. 
650 0 |a Islamic fundamentalism. 
650 0 |a Islam  |z Europe. 
650 0 |a Muslims  |z Europe  |x Politics and government. 
650 4 |a Islam  |z Europe. 
650 4 |a Islam and politics. 
650 4 |a Islamic fundamentalism. 
650 7 |a POLITICAL SCIENCE  |x Essays.  |2 bisacsh 
650 7 |a POLITICAL SCIENCE  |x Government  |x General.  |2 bisacsh 
650 7 |a POLITICAL SCIENCE  |x Government  |x National.  |2 bisacsh 
650 7 |a POLITICAL SCIENCE  |x Reference.  |2 bisacsh 
655 7 |a Electronic books.  |2 local 
710 2 |a Ebook Library. 
776 0 8 |i Print version:  |a Tibi, Bassam.  |t Political Islam, World Politics and Europe : From Jihadist to Institutional Islamism.  |d Hoboken : Taylor and Francis, ©2014  |z 9780415730471 
856 4 0 |u https://ebookcentral.proquest.com/lib/tamucs/detail.action?docID=1734232  |y Connect to the full text of this electronic book  |t 0 
948 |a cataloged  |b h  |c 2014/11/3  |d c  |e cproctor  |f 4:28:43 PM 
994 |a C0  |b TXA 
999 f f |s f0b66fce-c799-3ea0-be17-b04ceb3076b8  |i f0498f9f-13f1-3dbc-8b97-4fd9ca5cfa39  |t 0 
999 |a MARS 
952 f f |a Texas A&M University  |b College Station  |c Electronic Resources  |d Available Online  |t 0  |e BP173.7 .T563 2014eb  |h Library of Congress classification 
998 f f |a BP173.7 .T563 2014eb  |t 0  |l Available Online